| 000 | 01085nam a2200277 i 4500 | ||
|---|---|---|---|
| 001 | bg | ||
| 245 | 0 | 0 |
_aGeofizyka w inżynierii i ochronie środowiska : _b[dla potrzeb samorządności lokalnej]; Dębe, marzec 2001 / _c[red. materiałów konferencyjnych Jadwiga Jarzyna ; Państwowy Instytut Geologiczny, Zakład Geofizyki i Ochrony Środowiska Akademii Górniczo-Hutniczej]. |
| 260 |
_aKraków : _b[AGH], _c2000. |
||
| 300 |
_a245 s. : _bil. ; _c24 cm. |
||
| 500 | _aPodtyt. na okł. - Streszcz. ang. po ref. | ||
| 504 | _aBibliogr. po ref. | ||
| 650 | 9 |
_aGeofizyka _xstosowanie |
|
| 650 | 9 | _aInżynieria środowiska | |
| 650 | 9 | _aOchrona środowiska | |
| 655 | _aMateriały konferencyjne | ||
| 700 | 1 |
_aJARZYNA, Jadwiga. _eRed. |
|
| 710 | 0 | _aPaństwowy Instytut Geologiczny | |
| 710 | 0 |
_aAkademia Górniczo-Hutnicza _bWydział Geologii, Geofizyki i Ochrony Środowiska |
|
| 020 | _a8390958465 | ||
| 040 | _cBPK | ||
| 041 | 0 |
_apol _beng |
|
| 080 | _a550.3:628.1/.8:504.05](061) | ||
| 920 | _a83-909584-6-5 | ||
| 942 | _cKS | ||
| 008 | s pl f |000 0 pol | ||
| 999 |
_c42853 _d42853 |
||
| 856 |
_uhttp://koha.tu.koszalin.pl/cgi-bin/koha/opac-detail.pl?biblionumber=42853 _yKatalog online BPK |
||